Acción: instrumento de evangelización

Uloženo v:
Podrobná bibliografie
Hlavní autor: Bécaud, Joseph (Autor)
Médium: Kniha
Jazyk:španělština
Vydáno: Barcelona Nova Terra 1962
Edice:<El >Hombre Nuevo
Témata:
Tagy: Přidat tag
Žádné tagy, Buďte první, kdo vytvoří štítek k tomuto záznamu!

MARC

LEADER 00000nam a2200000 a 4500
001 UCR2020
003 CL-VaPUC
008 980109e19620000SP |||||||||||||||||spa|d
082 0 4 |a 253  |b BEC  |2 21 
100 0 |a Bécaud, Joseph  |e author  |9 399584 
245 1 0 |a Acción: instrumento de evangelización 
300 |a 457 p 
942 |c BK 
945 |d 19980109 00:00:00  |a jquezada 
260 |a Barcelona  |b Nova Terra  |c 1962 
600 0 |a Iglesia católica  |9 255129 
600 0 |a Virgen María   |9 314204 
600 0 |a Dios  |9 314467 
650 0 |a Educación religiosa   |9 308312 
650 0 |a Sacerdocio  |9 319738 
650 0 |a Apóstol  |9 391447 
650 7 |a ENCARNACION  |2 CL-VaPUC  |9 346469 
650 7 |a DOCTRINAS REGIOSAS  |2 CL-VaPUC  |9 399585 
650 0 |a Evangelios  |9 314864 
583 |a last modification  |c 19980109 00:00:00  |k Rodrigo Vera 
490 0 |a <El >Hombre Nuevo 
999 |c 265297  |d 265295 
952 |0 0  |1 0  |4 0  |6 253_000000000000000_BEC_1962  |7 0  |8 A  |9 296162  |a BIBTEO  |b BIBTEO  |d 2019-11-20  |i 3372936  |o 253 BEC 1962  |p 3372936  |r 2025-01-17  |w 2019-11-20  |y BK  |k ICR 
952 |0 0  |1 0  |4 0  |6 253_000000000000000_BEC_1962  |7 0  |8 A  |9 296163  |a BIBTEO  |b BIBTEO  |d 2019-11-20  |i 3372952  |o 253 BEC 1962  |p 3372952  |r 2025-01-17  |w 2019-11-20  |y BK  |k ICR 
952 |0 0  |1 0  |4 0  |6 253_000000000000000_BEC_1962  |7 0  |8 A  |9 296164  |a BIBTEO  |b BIBTEO  |d 2019-11-20  |i 3372987  |o 253 BEC 1962  |p 3372987  |r 2025-01-17  |w 2019-11-20  |y BK  |k ICR